000 00589nam a2200181 a 4500
001 000027266
005 20200930030718.0
008 110330s1996 dr r 000 0 spa d
040 _aDO-SdBNP
_bspa
_cBNPHU
082 _axxxx
_bM475d
100 1 _aMaza M., Manuel
_954326
245 1 0 _a10 pasos hacia la participación politica /
_cManuel Maza M.
246 1 0 _aDiez pasos hacia la participación política
250 _a3a ed.
260 _aSanto Domingo :
_bCentro de Estudios Sociales Pedro Juan Montalvo,
_c1996.
300 _a43 p. :
_bil. ;
_c22 cm.
590 _aInventariado, 2019/BT
999 _c26758
_d26758